[Event "SF Buer 1 - SV Welper 2"]
[Site "Verbandsklasse, Gruppe 1 2017"]
[Date "2018.02.04"]
[Round "6.8"]
[White "Olschewski, Niklas"]
[Black "Berke, Martin"]
[Result "0-1"]
[WhiteElo "1628"]
[BlackElo "1748"]
[PlyCount "34"]
[EventDate "2018.??.??"]

1. d4 Nf6 2. Nf3 e6 3. c4 c5 4. d5 b5 5. Qb3 bxc4 6. Qxc4 Ba6 7. Qa4 Nxd5 8. a3
Be7 9. Qg4 Bf6 10. e4 h5 11. Qg3 Bxf1 12. Kxf1 Ne7 13. Nc3 d5 14. Nb5 dxe4 15.
Nd6+ Kf8 16. Ng5 Nf5 17. Nxf5 Qd1# 0-1

[Event "SG Drewer 1 - FS Dortmund 1"]
[Site "Verbandsklasse, Gruppe 1 2017"]
[Date "2018.02.04"]
[Round "6.1"]
[White "Khess, Igor"]
[Black "Mittmann, Volker"]
[Result "1-0"]
[WhiteElo "1973"]
[BlackElo "1914"]
[PlyCount "23"]
[EventDate "2018.??.??"]

1. e4 c5 2. Nc3 e6 3. g3 Nc6 4. Nge2 d5 5. exd5 exd5 6. d4 Be6 7. dxc5 Bxc5 8.
Bg2 d4 9. Ne4 Be7 10. O-O Nf6 11. Nf4 Bg4 12. Nxf6+ 1-0

[Event "SG Drewer 1 - FS Dortmund 1"]
[Site "Verbandsklasse, Gruppe 1 2017"]
[Date "2018.02.04"]
[Round "6.2"]
[White "Arnold, Ulrich"]
[Black "Brendemuehl, Bernd"]
[Result "1/2-1/2"]
[WhiteElo "1853"]
[BlackElo "1896"]
[PlyCount "63"]
[EventDate "2018.??.??"]

1. d4 f5 2. g3 Nf6 3. Bg2 e6 4. c4 d5 5. Nh3 c6 6. Qc2 Bd6 7. O-O O-O 8. Bf4
Bxf4 9. Nxf4 Qe8 10. Nd2 g5 11. Nd3 g4 12. Ne5 Qh5 13. Qb3 Nbd7 14. Nd3 Re8 15.
f3 Nf8 16. Ne5 Ng6 17. fxg4 Nxg4 18. Nxg4 Qxg4 19. Nf3 h5 20. e3 Kg7 21. Rac1
Rh8 22. Nh4 Nxh4 23. Rf4 Qg5 24. Rxh4 Bd7 25. Re1 b6 26. Qb4 Qf6 27. Qd6 Be8
28. Qc7+ Qf7 29. Qe5+ Qf6 30. Qc7+ Qf7 31. Qe5+ Qf6 32. Qc7+ 1/2-1/2

[Event "SG Drewer 1 - FS Dortmund 1"]
[Site "Verbandsklasse, Gruppe 1 2017"]
[Date "2018.02.04"]
[Round "6.4"]
[White "Uhlich, Wilfried"]
[Black "Lauche, Christoph"]
[Result "0-1"]
[WhiteElo "1831"]
[BlackElo "1833"]
[PlyCount "128"]
[EventDate "2018.??.??"]

1. d4 d5 2. c4 e6 3. cxd5 exd5 4. Nc3 Nf6 5. Bg5 Be7 6. e3 O-O 7. Bd3 c6 8. Qc2
h6 9. Bh4 Nbd7 10. Nf3 Re8 11. O-O Ne4 12. Bxe7 Qxe7 13. Rab1 a5 14. a3 Nxc3
15. Qxc3 Nf6 16. Qc2 Be6 17. b4 axb4 18. axb4 Nd7 19. Rfc1 Rec8 20. b5 c5 21.
dxc5 Rxc5 22. Qb2 Rac8 23. Nd4 Ne5 24. Be2 Nc4 25. Bxc4 dxc4 26. Rc3 Bd5 27.
Rbc1 Qg5 28. f3 Re8 29. Qf2 f5 30. Re1 Rc7 31. Qg3 Qxg3 32. hxg3 g6 33. Kf2
Rce7 34. Ra1 Kf7 35. Ne2 Kf6 36. Rd1 Bf7 37. Rd6+ Kg7 38. Rb6 Rd7 39. Nd4 Rde7
40. Ra3 Bd5 41. Ne2 Rd8 42. Ra7 Rdd7 43. Nc3 Bf7 44. Ke2 Rd3 45. Nd1 Red7 46.
Nf2 Rd2+ 47. Ke1 c3 48. Rbxb7 c2 49. Ra1 Rd1+ 50. Nxd1 cxd1=Q+ 51. Rxd1 Rxb7
52. Rb1 Rb6 53. Kd2 Be8 54. Kc3 Rxb5 55. Ra1 Bf7 56. Ra7 Rb3+ 57. Kd4 Rb2 58.
e4 fxe4 59. fxe4 Rxg2 60. Ra3 Rb2 61. Rc3 Rb3 62. Rc7 Rxg3 63. e5 Rg4+ 64. Ke3
Kf8 0-1

[Event "SG Drewer 1 - FS Dortmund 1"]
[Site "Verbandsklasse, Gruppe 1 2017"]
[Date "2018.02.04"]
[Round "6.5"]
[White "Jost, Udo"]
[Black "Schaefer, Martin"]
[Result "1/2-1/2"]
[WhiteElo "1812"]
[BlackElo "1740"]
[PlyCount "60"]
[EventDate "2018.??.??"]

1. c4 c5 2. Nf3 Nf6 3. a3 Nc6 4. e3 e6 5. Qc2 g6 6. Be2 b6 7. h4 Bb7 8. d3 d5
9. Nbd2 d4 10. e4 e5 11. Nf1 Bc8 12. Ng3 h5 13. Ng5 Nh7 14. Bxh5 Nxg5 15. Bxg5
Be7 16. Bxe7 Qxe7 17. Bf3 Rxh4 18. O-O-O Bd7 19. Rxh4 Qxh4 20. Rh1 Qg5+ 21. Kb1
O-O-O 22. Rh7 Qf6 23. Qc1 Rh8 24. Qh6 Rxh7 25. Qxh7 Ne7 26. Qh6 Kb7 27. Qf8 Nc8
28. Kc2 Qe7 29. Qh8 Nd6 30. Qh6 Kc7 1/2-1/2

[Event "SG Drewer 1 - FS Dortmund 1"]
[Site "Verbandsklasse, Gruppe 1 2017"]
[Date "2018.02.04"]
[Round "6.6"]
[White "Schaepers, Lars"]
[Black "Schulz-Runge, Michael"]
[Result "1-0"]
[WhiteElo "1715"]
[BlackElo "1755"]
[PlyCount "73"]
[EventDate "2018.??.??"]

1. d4 Nf6 2. Nf3 d5 3. c4 c6 4. Nc3 Nbd7 5. cxd5 cxd5 6. Bf4 Qb6 7. Qc2 e6 8.
e3 a6 9. Bd3 g6 10. Rc1 Nh5 11. Bg3 Be7 12. O-O Nxg3 13. fxg3 O-O 14. h4 Qd6
15. Ne2 e5 16. e4 dxe4 17. Bxe4 exd4 18. Nfxd4 Nc5 19. Bf3 Qe5 20. Kh1 Qe3 21.
Qc4 Bd7 22. Bd5 Be8 23. Rf3 Qe5 24. b4 b5 25. Qc2 Qxd5 26. bxc5 Rc8 27. c6 Bd8
28. Rc3 Bb6 29. Nf3 Rc7 30. Nf4 Qd6 31. Rd1 Qb4 32. Nd5 Qa5 33. Nxc7 Bxc7 34.
Ng5 Qb6 35. Rf1 Qd4 36. Rcf3 Qg7 37. Ne6 1-0

[Event "SG Drewer 1 - FS Dortmund 1"]
[Site "Verbandsklasse, Gruppe 1 2017"]
[Date "2018.02.04"]
[Round "6.7"]
[White "Potyrala, Lukasz-Rafal"]
[Black "Pennig, Felix"]
[Result "1/2-1/2"]
[WhiteElo "1649"]
[BlackElo "1704"]
[PlyCount "49"]
[EventDate "2018.??.??"]

1. d4 Nf6 2. Nf3 e6 3. Bf4 d5 4. e3 Bd6 5. Bg3 O-O 6. Nbd2 c5 7. c3 Nc6 8. Ne5
Qc7 9. f4 b6 10. Bd3 a5 11. Bh4 Be7 12. Qe2 Bb7 13. Ndf3 Ne4 14. Nxc6 Bxc6 15.
Bxe7 Qxe7 16. Bxe4 dxe4 17. Ne5 Bb7 18. b3 a4 19. O-O cxd4 20. exd4 Rfc8 21. c4
Rd8 22. Qe3 f6 23. Ng4 Qd6 24. Rad1 axb3 25. axb3 1/2-1/2

[Event "SG Drewer 1 - FS Dortmund 1"]
[Site "Verbandsklasse, Gruppe 1 2017"]
[Date "2018.02.04"]
[Round "6.8"]
[White "Nordhoff, Georg"]
[Black "Meyer, Gerd"]
[Result "0-1"]
[WhiteElo "1661"]
[BlackElo "1899"]
[PlyCount "58"]
[EventDate "2018.??.??"]

1. e4 e5 2. Nf3 Nc6 3. Bc4 Nf6 4. d3 h6 5. O-O Bc5 6. Nc3 O-O 7. Nd5 d6 8. Be3
Re8 9. Bxc5 dxc5 10. c3 Na5 11. Ne3 Nxc4 12. Nxc4 Bg4 13. Ne3 Bxf3 14. gxf3 Nh5
15. Kh1 Nf4 16. Rg1 Kh7 17. Qb3 Re6 18. Rg3 b6 19. Rag1 g6 20. Rd1 c6 21. Qc2
Rd6 22. d4 cxd4 23. cxd4 exd4 24. e5 Re6 25. Qe4 Ne2 26. Rh3 Qg5 27. Ng4 f5 28.
Nf6+ Rxf6 29. exf6 fxe4 0-1

[Event "SW Oberhausen 1 - SV Hamm 2"]
[Site "Verbandsklasse, Gruppe 1 2017"]
[Date "2018.02.04"]
[Round "6.1"]
[White "Woertler, Lars-Erik"]
[Black "Puetter, Pascal"]
[Result "1/2-1/2"]
[WhiteElo "1843"]
[BlackElo "2001"]
[PlyCount "80"]
[EventDate "2018.??.??"]

1. e4 e6 2. d4 d5 3. Nc3 Bb4 4. e5 c5 5. a3 Bxc3+ 6. bxc3 Qa5 7. Bd2 Qa4 8. Qb1
c4 9. Be2 Ne7 10. Nh3 Nbc6 11. Bd1 Qa5 12. Qc1 Bd7 13. f4 O-O-O 14. Ng5 Rdf8
15. Nf3 h5 16. a4 f6 17. Qa3 Nf5 18. g3 Nce7 19. Qb4 Qc7 20. a5 Nc6 21. Qc5 Be8
22. Be2 Qe7 23. Qxe7 Ncxe7 24. Bc1 Nc6 25. Ba3 Rfg8 26. Bc1 Bg6 27. Bd1 Rf8 28.
Ba3 Rf7 29. Bc1 Rc7 30. Rg1 Nce7 31. Kd2 Rc6 32. Ba3 Ra6 33. Bb4 b5 34. Nh4 Be8
35. Nxf5 Nxf5 36. Be2 Rc6 37. Raf1 Rc7 38. Rf2 Bg6 39. Bf1 Nh6 40. h3 Bf5
1/2-1/2

[Event "SW Oberhausen 1 - SV Hamm 2"]
[Site "Verbandsklasse, Gruppe 1 2017"]
[Date "2018.02.04"]
[Round "6.2"]
[White "Hortolani, Sven-Holger"]
[Black "Mustafic, Mustafa"]
[Result "1-0"]
[WhiteElo "2048"]
[BlackElo "1738"]
[PlyCount "63"]
[EventDate "2018.??.??"]

1. Nf3 Nf6 2. g3 g6 3. b3 Bg7 4. Bb2 d5 5. Bg2 Nc6 6. O-O O-O 7. d4 Ne4 8. c4
e6 9. Ne5 f5 10. Nxc6 bxc6 11. Qc2 a5 12. Na3 Bd7 13. Rad1 Qe7 14. Nb1 Rfb8 15.
f3 Nf6 16. Ba3 Qd8 17. Nc3 Nh5 18. e4 dxc4 19. bxc4 Bf8 20. Bc1 Qe7 21. g4 fxg4
22. fxg4 Ng7 23. e5 Qh4 24. Ne4 Qe7 25. Bg5 Qa3 26. Nf6+ Kh8 27. Nxd7 Rb2 28.
Qe4 Be7 29. Bc1 Qxa2 30. Bxb2 Qxb2 31. Qxc6 Rc8 32. Qb7 1-0

[Event "SW Oberhausen 1 - SV Hamm 2"]
[Site "Verbandsklasse, Gruppe 1 2017"]
[Date "2018.02.04"]
[Round "6.3"]
[White "Fluegel, Thomas"]
[Black "Schwerdtfeger, Joachim"]
[Result "1/2-1/2"]
[WhiteElo "1785"]
[BlackElo "1858"]
[PlyCount "66"]
[EventDate "2018.??.??"]

1. d4 d5 2. c4 e6 3. Nc3 Nf6 4. Nf3 Be7 5. cxd5 exd5 6. Bg5 c6 7. Qc2 Nbd7 8.
e3 O-O 9. Bd3 Re8 10. O-O Nf8 11. h3 Ne4 12. Bxe7 Qxe7 13. Rab1 Bd7 14. b4 a6
15. Rfe1 f6 16. Nd2 Bf5 17. Ncxe4 Bxe4 18. Nxe4 dxe4 19. Bc4+ Kh8 20. Red1 Rac8
21. a3 Nd7 22. Rbc1 g6 23. Qc3 Kg7 24. Qb3 Nb6 25. Be2 Rcd8 26. Rc5 Qf7 27. Bc4
Nxc4 28. Qxc4 Qxc4 29. Rxc4 Rd5 30. Rc5 Red8 31. Rdc1 Kf7 32. Kf1 Ke6 33. Ke2
R8d7 1/2-1/2

[Event "SW Oberhausen 1 - SV Hamm 2"]
[Site "Verbandsklasse, Gruppe 1 2017"]
[Date "2018.02.04"]
[Round "6.4"]
[White "Matthes, Severin Johannes"]
[Black "Sewarte, Jochen"]
[Result "1-0"]
[WhiteElo "1838"]
[BlackElo "1743"]
[PlyCount "71"]
[EventDate "2018.??.??"]

1. e4 e5 2. Nf3 Nc6 3. Bc4 Bc5 4. d3 h6 5. Nc3 d6 6. Be3 Bb6 7. Nd5 Nf6 8. c3
Bg4 9. h3 Bh5 10. Qe2 Na5 11. Bb5+ c6 12. Ba4 Nxd5 13. exd5 Bxe3 14. Qxe3 b5
15. Bb3 Nxb3 16. axb3 cxd5 17. Ra6 O-O 18. O-O f5 19. Ne1 f4 20. Qd2 Rf6 21.
Nc2 f3 22. Nb4 fxg2 23. Re1 Bf3 24. d4 Qc8 25. Kh2 Rf5 26. dxe5 Rh5 27. e6 Be4
28. Rxe4 dxe4 29. Rxd6 Rg5 30. Kg1 Qe8 31. Nd5 Qh5 32. Nf4 Qe8 33. Rd7 a5 34.
e7 Kf7 35. Qd6 Rf5 36. Qe6# 1-0

[Event "SW Oberhausen 1 - SV Hamm 2"]
[Site "Verbandsklasse, Gruppe 1 2017"]
[Date "2018.02.04"]
[Round "6.5"]
[White "Alakbarov, Aleksey"]
[Black "Kuckelkorn, Joerg"]
[Result "0-1"]
[WhiteElo "1836"]
[BlackElo "1845"]
[PlyCount "74"]
[EventDate "2018.??.??"]

1. e4 c5 2. f4 d5 3. Bb5+ Bd7 4. Bxd7+ Qxd7 5. exd5 Nf6 6. Nf3 Nxd5 7. d3 Nc6
8. O-O e6 9. Nc3 Be7 10. Qe2 O-O 11. a3 Rad8 12. Ne4 Qc7 13. Ne1 Nd4 14. Qf2
Nf6 15. Nxf6+ Bxf6 16. Kh1 b6 17. Rb1 Rd7 18. Nf3 Nxf3 19. Qxf3 c4 20. dxc4
Qxc4 21. c3 Rfd8 22. g3 Rd3 23. Qf2 Be7 24. Be3 Qe4+ 25. Kg1 Qxe3 26. Qxe3 Rxe3
27. Rfd1 Red3 28. Rxd3 Rxd3 29. Kg2 g6 30. Kh3 h5 31. Rg1 Rd2 32. Rg2 Rxg2 33.
Kxg2 b5 34. Kf3 f5 35. h3 Kf7 36. Ke3 Bc5+ 37. Kd3 Bf2 0-1

[Event "SW Oberhausen 1 - SV Hamm 2"]
[Site "Verbandsklasse, Gruppe 1 2017"]
[Date "2018.02.04"]
[Round "6.6"]
[White "Boecker, Juergen"]
[Black "Boelling, Andreas"]
[Result "0-1"]
[WhiteElo "1790"]
[BlackElo "1729"]
[PlyCount "88"]
[EventDate "2018.??.??"]

1. e4 c5 2. Nc3 a6 3. f4 d6 4. g3 Nc6 5. Bg2 e5 6. d3 Nf6 7. Nf3 Bg4 8. h3 Bxf3
9. Qxf3 Qb6 10. b3 Qa5 11. Bd2 Nd4 12. Qd1 Qc7 13. O-O h5 14. Ne2 Nc6 15. fxe5
dxe5 16. Nc3 O-O-O 17. Nd5 Nxd5 18. exd5 Nd4 19. c3 Nb5 20. a4 Nd6 21. Rc1 g6
22. d4 Nf5 23. dxe5 Qxe5 24. Bf4 Qe8 25. Re1 Qd7 26. b4 Bd6 27. Bxd6 Qxd6 28.
bxc5 Qxc5+ 29. Kh2 Ne3 30. Rxe3 Qxe3 31. c4 h4 32. gxh4 Rxh4 33. c5 Rdh8 34.
Qf1 Rf4 35. Qe1 Re8 36. Qxe3 Rxe3 37. c6 Rd4 38. cxb7+ Kxb7 39. a5 Rd2 40. d6+
Kb8 41. Rc7 Ree2 42. Rb7+ Kc8 43. d7+ Kd8 44. Rb8+ Kxd7 0-1

[Event "SW Oberhausen 1 - SV Hamm 2"]
[Site "Verbandsklasse, Gruppe 1 2017"]
[Date "2018.02.04"]
[Round "6.7"]
[White "Rosentreter, Burkhard"]
[Black "Matthies, Jochen"]
[Result "1-0"]
[WhiteElo "1723"]
[BlackElo "1754"]
[PlyCount "89"]
[EventDate "2018.??.??"]

1. d4 d5 2. c4 c6 3. cxd5 cxd5 4. Nf3 Nc6 5. Bf4 Nf6 6. Nc3 a6 7. e3 e6 8. Bd3
Be7 9. O-O Nh5 10. Bg3 Nxg3 11. hxg3 O-O 12. a3 f5 13. Qc2 h6 14. Rac1 Bd7 15.
Ne2 Rc8 16. Qb3 b5 17. Nf4 Qe8 18. a4 Na5 19. Qa2 Nc4 20. b3 Nd6 21. Ne5 g5 22.
Nfg6 Rf6 23. Rxc8 Bxc8 24. Nxe7+ Qxe7 25. axb5 Nxb5 26. Rc1 Qb7 27. Qa5 Rf8 28.
Bxb5 Qxb5 29. Qxb5 axb5 30. Rc5 Kg7 31. Rxb5 f4 32. gxf4 gxf4 33. Rc5 fxe3 34.
fxe3 h5 35. b4 Kh6 36. b5 Kg5 37. Rc7 Kf5 38. Rf7+ Rxf7 39. Nxf7 Bd7 40. Nd6+
Kf6 41. b6 Bc6 42. b7 Bxb7 43. Nxb7 e5 44. Kf2 exd4 45. exd4 1-0

[Event "SW Oberhausen 1 - SV Hamm 2"]
[Site "Verbandsklasse, Gruppe 1 2017"]
[Date "2018.02.04"]
[Round "6.8"]
[White "Hibbeln, Christian"]
[Black "Brieger, Sebastian"]
[Result "0-1"]
[WhiteElo "1734"]
[BlackElo "1671"]
[PlyCount "156"]
[EventDate "2018.??.??"]

1. d4 d5 2. Bg5 h6 3. Bh4 c6 4. c3 Bf5 5. Nd2 Nd7 6. f3 Ngf6 7. g4 Bh7 8. Bg2
e5 9. e4 exd4 10. cxd4 dxe4 11. fxe4 Qa5 12. e5 Nd5 13. Bxd5 Qxd5 14. Ngf3 c5
15. Qb3 Qxb3 16. Nxb3 cxd4 17. O-O Bc5 18. e6 fxe6 19. Nxc5 Nxc5 20. Nxd4 g5
21. Bg3 Rd8 22. Nb5 Bd3 23. Nc7+ Ke7 24. Rfe1 a5 25. a3 a4 26. Re5 b6 27. h4
Rd7 28. Re3 Bc4 29. Rc1 Bb3 30. Rf1 Rf8 31. Rxf8 Kxf8 32. Rf3+ Rf7 33. Bd6+ Kg8
34. Re3 Rf6 35. hxg5 hxg5 36. Bxc5 bxc5 37. Re5 Kf7 38. Rxc5 Kg6 39. Kg2 Rf4
40. Kg3 Rd4 41. Re5 Rd3+ 42. Kf2 Kf6 43. Re2 Bc4 44. Rc2 Rd4 45. Kg3 Ke7 46.
Na8 Bb3 47. Rc5 Kf6 48. Nb6 Rd3+ 49. Kf2 Rd2+ 50. Kg3 Rxb2 51. Nd7+ Kg6 52.
Ne5+ Kf6 53. Nd7+ Ke7 54. Nb6 Bd1 55. Rc7+ Ke8 56. Rc6 Kf7 57. Rc7+ Kg6 58. Rc6
Rb3+ 59. Kh2 Rb2+ 60. Kg3 Bb3 61. Nd7 Bd5 62. Rb6 Ra2 63. Nc5 Rxa3+ 64. Kf2 Kf6
65. Nd7+ Ke7 66. Ne5 Rb3 67. Ra6 a3 68. Ra7+ Kd6 69. Nf7+ Kc5 70. Nxg5 Rb2+ 71.
Ke3 a2 72. Ne4+ Kb6 73. Ra4 Rb1 74. Nc3 a1=Q 75. Rxa1 Rxa1 76. Kd4 Rg1 77.
Nxd5+ exd5 78. Kxd5 Rxg4 0-1

[Event "SV Waltrop 1 - SV Rochade Eving 1"]
[Site "Verbandsklasse, Gruppe 1 2017"]
[Date "2018.02.04"]
[Round "6.1"]
[White "Michalek, Christoph"]
[Black "Winterberg, Andreas"]
[Result "1-0"]
[WhiteElo "2056"]
[BlackElo "2004"]
[PlyCount "43"]
[EventDate "2018.??.??"]

1. Nf3 d5 2. d4 Nf6 3. Bg5 e6 4. e3 Be7 5. Nbd2 Nbd7 6. Bd3 O-O 7. O-O c5 8. c3
a6 9. Ne5 h6 10. Bh4 Nxe5 11. dxe5 Nd7 12. Bxe7 Qxe7 13. f4 b5 14. Qf3 Bb7 15.
Qh3 f5 16. g4 Qf7 17. gxf5 exf5 18. Kf2 c4 19. Bc2 Nc5 20. Nf3 Ne6 21. Rg1 Kh8
22. Nh4 1-0

[Event "SV Waltrop 1 - SV Rochade Eving 1"]
[Site "Verbandsklasse, Gruppe 1 2017"]
[Date "2018.02.04"]
[Round "6.2"]
[White "Gasper, Joern"]
[Black "Kleibaumhueter, Klaus"]
[Result "1/2-1/2"]
[WhiteElo "2017"]
[BlackElo "2086"]
[Annotator "Daniel"]
[PlyCount "99"]
[EventDate "2018.??.??"]

1. e4 e6 2. d4 d5 3. Nd2 Nc6 4. Ngf3 Nh6 5. c3 Be7 6. Bd3 f5 7. exf5 exf5 8.
Bb5 Nf7 9. O-O O-O 10. Bxc6 bxc6 11. Qa4 Bd7 12. Re1 a5 13. Nb3 Re8 14. Nc5
Bxc5 15. Rxe8+ Qxe8 16. dxc5 Qe4 17. Qd4 a4 18. Bf4 Re8 19. Qxe4 dxe4 20. Nd4
Ne5 21. b4 axb3 22. axb3 Nd3 23. Bxc7 Nxc5 24. Bd6 Nb7 25. Ra7 Bc8 26. Ba3 c5
27. Nxf5 Bxf5 28. Rxb7 Ra8 29. g4 Bxg4 30. Bxc5 Bf3 31. Ra7 Rxa7 $11 32. Bxa7
Bd1 33. b4 Be2 34. Kg2 Kf7 35. Kg3 g5 36. h4 gxh4+ 37. Kxh4 Kf6 38. Be3 Kf5 39.
Kg3 Bc4 40. Bf4 Be2 41. Bh6 Bc4 42. f3 exf3 43. Kxf3 Ke5 44. Ke3 Kd5 45. Kf4
Bd3 46. Ke3 Bb5 47. Bg7 Kc4 48. Ke4 Be8 49. Kf5 Ba4 50. Ke6 1/2-1/2

[Event "SV Waltrop 1 - SV Rochade Eving 1"]
[Site "Verbandsklasse, Gruppe 1 2017"]
[Date "2018.02.04"]
[Round "6.3"]
[White "Michalek, Franz"]
[Black "Eckert, Marius"]
[Result "0-1"]
[WhiteElo "1883"]
[BlackElo "1981"]
[PlyCount "66"]
[EventDate "2018.??.??"]

1. d4 d5 2. Nf3 c6 3. c3 Nf6 4. Bg5 Bf5 5. Nbd2 h6 6. Bh4 Nbd7 7. e3 e6 8. Ne5
Nxe5 9. dxe5 g5 10. Bg3 Nd7 11. Nb3 Bg7 12. f4 Qb6 13. Bf2 c5 14. Qd2 O-O-O 15.
Nc1 f6 16. exf6 Nxf6 17. Bd3 Ne4 18. Qc2 c4 19. Bxe4 Bxe4 20. Qd2 Bxg2 21. Rg1
Be4 22. Ne2 Bf6 23. Nd4 e5 24. fxe5 Bxe5 25. Bg3 Bxg3+ 26. hxg3 Rdf8 27. b4 Rf7
28. a4 Rhf8 29. Qh2 Qg6 30. a5 Bd3 31. Rc1 Qe4 32. Qh3+ g4 33. Qxh6 Rf1+ 0-1

[Event "SV Waltrop 1 - SV Rochade Eving 1"]
[Site "Verbandsklasse, Gruppe 1 2017"]
[Date "2018.02.04"]
[Round "6.4"]
[White "Drewes, Martin"]
[Black "Hornung, Ruediger"]
[Result "1-0"]
[WhiteElo "1944"]
[BlackElo "1925"]
[PlyCount "51"]
[EventDate "2018.??.??"]

1. e4 e6 2. d4 d5 3. Nc3 Bb4 4. Nge2 Ne7 5. a3 Ba5 6. b4 Bb6 7. f3 a5 8. b5 c5
9. Na4 cxd4 10. Nxb6 Qxb6 11. Qxd4 Qxd4 12. Nxd4 e5 13. Nb3 dxe4 14. fxe4 Be6
15. Nc5 Bc8 16. Bc4 b6 17. Na4 Nd7 18. O-O f6 19. Rd1 Rb8 20. Rd6 Nc5 21. Nxc5
bxc5 22. Be3 Bb7 23. Bxc5 Bxe4 24. Bb3 Bg6 25. Rad1 Bf7 26. Rd7 1-0

[Event "SV Waltrop 1 - SV Rochade Eving 1"]
[Site "Verbandsklasse, Gruppe 1 2017"]
[Date "2018.02.04"]
[Round "6.5"]
[White "Pahne, Dirk"]
[Black "Dunsche, Daniel"]
[Result "1-0"]
[WhiteElo "1909"]
[BlackElo "1872"]
[PlyCount "85"]
[EventDate "2018.??.??"]

1. e4 d6 2. d4 g6 3. Bg5 Bg7 4. c3 Nf6 5. Nd2 O-O 6. Bc4 e5 7. Ne2 Nc6 8. f3 a6
9. d5 Ne7 10. a4 h6 11. Bh4 g5 12. Bf2 Ng6 13. a5 Nh5 14. g4 Nhf4 15. Ng3 Nh4
16. Bf1 Bf6 17. Nc4 Kg7 18. Ne3 Rh8 19. Nef5+ Nxf5 20. exf5 Be7 21. Be3 f6 22.
h4 Bd7 23. Qd2 Be8 24. hxg5 hxg5 25. Rxh8 Kxh8 26. O-O-O Kg7 27. Bc4 Bf7 28.
Rh1 Qg8 29. Qh2 Bxd5 30. Bxf4 Bxc4 31. Be3 Kf8 32. Ne4 Ke8 33. Qh8 Qf8 34. Rh6
Kd7 35. Nxf6+ Kc6 36. Qxf8 Rxf8 37. Ne4 Be2 38. Bxg5 Bxg5+ 39. Nxg5 e4 40. fxe4
Bxg4 41. Ne6 Re8 42. Rh4 Be2 43. Nd4+ 1-0

[Event "SV Waltrop 1 - SV Rochade Eving 1"]
[Site "Verbandsklasse, Gruppe 1 2017"]
[Date "2018.02.04"]
[Round "6.6"]
[White "Breidenbach, Rolf"]
[Black "Jaehnicke, Karl-Heinz"]
[Result "1-0"]
[WhiteElo "1861"]
[BlackElo "1760"]
[PlyCount "109"]
[EventDate "2018.??.??"]

1. d4 d5 2. Bf4 Nf6 3. e3 e6 4. c3 Bd6 5. Bg3 O-O 6. Nf3 c6 7. Nbd2 Qc7 8. Bxd6
Qxd6 9. Ne5 Nbd7 10. f4 c5 11. Bd3 Qb6 12. Rb1 Re8 13. g4 Nxe5 14. fxe5 Nd7 15.
Qf3 Qd8 16. h4 f6 17. Qg3 fxe5 18. dxe5 Qc7 19. Nf3 Rf8 20. O-O Nf6 21. Kh2 Ne4
22. Bxe4 dxe4 23. Ng5 Bd7 24. Nxe4 Bb5 25. Rxf8+ Rxf8 26. Nd6 Bd3 27. Rd1 c4
28. Rd2 Qc5 29. Rf2 Rxf2+ 30. Qxf2 Qxe5+ 31. Qf4 Qf6 32. Qxf6 gxf6 33. Nxb7 Kg7
34. Kg3 e5 35. b4 Kf7 36. a4 Ke7 37. Kf3 Bc2 38. a5 Ba4 39. Kg3 Bc6 40. Nc5 Kd6
41. g5 fxg5 42. hxg5 Be8 43. Ne4+ Ke6 44. Nf6 Bg6 45. Kf3 Kd6 46. Ne4+ Kc6 47.
Nc5 Bf5 48. Na4 Bc2 49. Nc5 Bf5 50. e4 Bg6 51. Ne6 Kb5 52. Ke3 Ka4 53. Nc5+ Ka3
54. b5 Be8 55. b6 1-0

[Event "SV Waltrop 1 - SV Rochade Eving 1"]
[Site "Verbandsklasse, Gruppe 1 2017"]
[Date "2018.02.04"]
[Round "6.7"]
[White "Regber, Karl-Heinz"]
[Black "Sehrbrock, Christoph"]
[Result "1-0"]
[WhiteElo "1613"]
[BlackElo "1808"]
[PlyCount "115"]
[EventDate "2018.??.??"]

1. Nf3 Nf6 2. d4 c5 3. e3 cxd4 4. exd4 d5 5. c4 Nc6 6. Nc3 Bg4 7. Be2 e6 8. c5
Ne4 9. O-O Be7 10. Be3 Bf6 11. h3 Bf5 12. Nh2 O-O 13. Bg4 Bg6 14. Bf3 Nxc3 15.
bxc3 b6 16. cxb6 Qxb6 17. Ng4 Be7 18. Ne5 Nxe5 19. dxe5 Qc7 20. Bd4 Rfc8 21.
Qd2 Rab8 22. a4 Qa5 23. Qe3 Bc5 24. Rfc1 Bxd4 25. cxd4 Rxc1+ 26. Qxc1 h6 27.
Qc5 Qxc5 28. dxc5 Rc8 29. Rc1 Bd3 30. Rc3 Bc4 31. Bd1 Rxc5 32. Be2 Kf8 33. f4
Ke7 34. Kf2 Kd7 35. Ke3 Kc6 36. Kd4 Ra5 37. Bd1 Kb7 38. g4 Ra6 39. f5 Rc6 40.
h4 Bf1 41. fxe6 fxe6 42. Rc5 Rb6 43. Rc3 Rb4+ 44. Kc5 Rc4+ 45. Rxc4 dxc4 46.
Kd6 Bd3 47. Kxe6 c3 48. Kf7 c2 49. Bxc2 Bxc2 50. a5 g5 51. hxg5 hxg5 52. Kf6
Ka6 53. Kxg5 Kxa5 54. e6 Kb6 55. e7 Ba4 56. Kf6 Be8 57. g5 Kc7 58. g6 1-0

[Event "SV Waltrop 1 - SV Rochade Eving 1"]
[Site "Verbandsklasse, Gruppe 1 2017"]
[Date "2018.02.04"]
[Round "6.8"]
[White "Schwammbach, Frank"]
[Black "Vollenberg, Joerg"]
[Result "1-0"]
[WhiteElo "1781"]
[BlackElo "1381"]
[PlyCount "79"]
[EventDate "2018.??.??"]

1. d4 d5 2. c4 Nf6 3. e3 Bf5 4. Nf3 e6 5. a3 dxc4 6. Bxc4 Nbd7 7. O-O Nb6 8.
Ba2 c6 9. Nbd2 Bd6 10. Re1 Bc7 11. h3 Qd7 12. b4 Rd8 13. Bb2 Ne4 14. Nh4 Nd5
15. Nxf5 exf5 16. Nxe4 fxe4 17. Qh5 Nf6 18. Qe2 Qd6 19. g3 Qd7 20. Kg2 h5 21.
Rad1 Qf5 22. Rh1 g5 23. g4 Qg6 24. d5 Ke7 25. gxh5 Rxh5 26. dxc6 Rdh8 27. Bxf6+
Kxf6 28. Qb2+ Be5 29. Rd6+ Kf5 30. Rd5 f6 31. Bb1 Qh6 32. Qc2 Rh4 33. f3 Ke6
34. fxe4 Rxh3 35. Rxe5+ fxe5 36. Qc4+ Ke7 37. Qc5+ Kd8 38. Qd5+ Ke8 39. Qd7+
Kf8 40. Rf1+ 1-0

[Event "DJK Wacker Bergeborbeck 1 - SV Wattensc"]
[Site "Verbandsklasse, Gruppe 1 2017"]
[Date "2018.02.04"]
[Round "6.1"]
[White "Leveikina, Jevgenija"]
[Black "Landscheidt, Heinz"]
[Result "1-0"]
[WhiteElo "2035"]
[BlackElo "1852"]
[Annotator "Daniel"]
[PlyCount "143"]
[EventDate "2018.??.??"]

1. e4 d5 2. exd5 Qxd5 3. Nc3 Qa5 4. b4 Qxb4 5. Rb1 Qd6 6. Nf3 Nf6 7. Bc4 c6 8.
O-O e6 9. d4 Be7 10. Re1 O-O 11. Rb3 Qd8 12. Qe2 b5 13. Bd3 Nbd7 14. Ne5 Nxe5
15. dxe5 Nd5 16. Ne4 f5 17. exf6 Bxf6 18. Nxf6+ Qxf6 19. Bb2 Qf4 20. Be4 Bd7
21. Rf3 Qd6 22. Rg3 Nf6 23. Rd1 Qe7 24. Be5 Rf7 25. Bf3 Rd8 26. Bd6 Qe8 27. Bc7
Rc8 28. Be5 Rd8 29. Rd3 Nd5 30. Qd2 Qe7 31. Rd4 c5 32. Rdg4 Nf6 33. Rf4 Bc6 34.
Qe2 Bxf3 35. Rfxf3 Rd5 36. Rd3 Rxd3 $11 37. Rxd3 Nd5 38. Qg4 Rf5 39. f4 Rf7 40.
Rb3 a6 41. Ra3 h5 42. Qxh5 Nxf4 43. Bxf4 Rxf4 44. Rxa6 Qf8 45. Qe2 e5 46. Re6
Qf5 47. Re8+ Kh7 48. Rxe5 Rf1+ 49. Qxf1 Qxe5 50. Qd3+ Kg8 51. Qd8+ Kh7 52. Qd1
Qe3+ 53. Kh1 g6 54. h3 b4 55. Qf1 Qe5 56. Qf7+ Kh6 57. Qf2 Qa1+ 58. Kh2 Qxa2
59. Qf8+ Kh7 60. Qxc5 Qb2 61. Qe7+ Kh6 62. Qh4+ Kg7 63. Qe4 Qc3 64. h4 Qc7+ 65.
Kg1 Qc5+ 66. Kf1 Qc3 67. Ke2 Qc5 68. g4 Qc3 69. h5 gxh5 70. gxh5 Qc5 71. h6+
Kh8 72. Qe8+ 1-0

[Event "DJK Wacker Bergeborbeck 1 - SV Wattensc"]
[Site "Verbandsklasse, Gruppe 1 2017"]
[Date "2018.02.04"]
[Round "6.2"]
[White "Dahlhaus, Friedhelm"]
[Black "Wolf, Ulrich"]
[Result "1/2-1/2"]
[WhiteElo "1938"]
[BlackElo "2035"]
[PlyCount "61"]
[EventDate "2018.??.??"]

1. e4 c5 2. Nf3 e6 3. d4 cxd4 4. Nxd4 Nf6 5. Nc3 d6 6. Be2 Be7 7. O-O a6 8. f4
Qc7 9. Bf3 Nc6 10. Be3 Bd7 11. Kh1 Rc8 12. Qe1 b5 13. a3 O-O 14. Qg3 Rfd8 15.
Rae1 g6 16. f5 Nxd4 17. Bxd4 e5 18. Be3 d5 19. fxg6 hxg6 20. Bg5 d4 21. Bxf6
Bxf6 22. Nd5 Qd6 23. Bd1 Bg7 24. Qg5 Re8 25. Rf3 Rc6 26. Ref1 f5 27. Nb4 Qf6
28. Qxf6 Rxf6 29. c3 Rd6 30. Bb3+ Kh7 31. Bd5 1/2-1/2